| Поле | Инд. | ПП | Название | Значение |
|---|---|---|---|---|
| Тип записи | a | |||
| Библиографический уровень | b | |||
| 001 | Контрольный номер | 792760f293f743f6a3192c4a9ab67649 | ||
| 005 | Дата корректировки | 20200625115017.4 | ||
| 008 | Кодируемые данные | 20170331 | ||
| 040 | b | Код языка каталог. | rus | |
| e | Правила каталог. | PSBO | ||
| 041 | 0_ | a | Код языка текста | rus |
| 084 | a | Индекс другой классификации/Индекс ББК | 67.410.201(2Рос); 67.410.211(2Рос) | |
| 100 | 1_ | a | Автор | Гаврилов Б. Я. |
| 245 | 10 | a | Заглавие | Прокурор в современном уголовном судопроизводстве: позиция ученого и мнение правоприменителя |
| 520 | 0_ | a | Аннотация | В статье рассматривается положение прокурора в современном досудебном производстве. В связи с этим анализируются принимаемые законодателем меры по определению места и роли прокурора в ходе реализации Федерального закона от 5 июня 2007 г. № 87-ФЗ и предлагаются меры по повышению эффективного осуществления прокурорского надзора |
| 650 | 14 | a | Основная рубрика | право; процессуальное право; уголовное процессуальное право |
| 653 | 0_ | a | Ключевые слова | возбуждение уголовного дела |
| a | Ключевые слова | дифференциация полномочий | ||
| a | Ключевые слова | правовое регулирование | ||
| a | Ключевые слова | прокурор | ||
| a | Ключевые слова | прокурорский надзор | ||
| a | Ключевые слова | процессуальные правоотношения | ||
| a | Ключевые слова | Россия | ||
| a | Ключевые слова | руководитель следственного органа | ||
| a | Ключевые слова | следователи | ||
| a | Ключевые слова | Уголовно-процессуальный кодекс РФ | ||
| a | Ключевые слова | уголовный процесс | ||
| 773 | 08 | t | Заглавие источника | Российская юстиция |
| d | Дата издания источника | 2020 | ||
| g | Прочая информация | № 3. - С. 33 - 39 | ||
| w | Контрольный № источника | e7466aa06b2540358281e2135db0f8ff | ||
| 901 | t | Тип документа | b |